<?xml version="1.0" encoding="UTF-8"?>
<record
    xmlns:xsi="http://www.w3.org/2001/XMLSchema-instance"
    xsi:schemaLocation="http://www.loc.gov/MARC21/slim http://www.loc.gov/standards/marcxml/schema/MARC21slim.xsd"
    xmlns="http://www.loc.gov/MARC21/slim">

  <leader>03419nam0a2200409   4500</leader>
  <controlfield tag="001">RU\NLR\BIBL_A\012814065</controlfield>
  <controlfield tag="005">20230324100051.0</controlfield>
  <datafield tag="010" ind1=" " ind2=" ">
    <subfield code="a">978-5-93618-299-0</subfield>
    <subfield code="9">300</subfield>
  </datafield>
  <datafield tag="021" ind1=" " ind2=" ">
    <subfield code="a">RU</subfield>
    <subfield code="b">&#x41A;&#x41D;-&#x41F;-22-017748</subfield>
    <subfield code="9">&#x41A;&#x41D;-&#x41F;-22-1530</subfield>
  </datafield>
  <datafield tag="035" ind1=" " ind2=" ">
    <subfield code="a">(NLR Aleph) 012814065</subfield>
  </datafield>
  <datafield tag="035" ind1=" " ind2=" ">
    <subfield code="a">(RuMoRGB)011015379</subfield>
  </datafield>
  <datafield tag="090" ind1=" " ind2=" ">
    <subfield code="a">13217522</subfield>
    <subfield code="c">13217522</subfield>
  </datafield>
  <datafield tag="100" ind1=" " ind2=" ">
    <subfield code="a">20220608d2021    u  y0rusy50      ca</subfield>
  </datafield>
  <datafield tag="101" ind1="0" ind2=" ">
    <subfield code="a">rus</subfield>
  </datafield>
  <datafield tag="102" ind1=" " ind2=" ">
    <subfield code="a">RU</subfield>
  </datafield>
  <datafield tag="105" ind1=" " ind2=" ">
    <subfield code="a">a   z   000|y</subfield>
  </datafield>
  <datafield tag="181" ind1=" " ind2="0">
    <subfield code="a">i3</subfield>
    <subfield code="b">axxe  </subfield>
  </datafield>
  <datafield tag="182" ind1=" " ind2="1">
    <subfield code="a">n</subfield>
  </datafield>
  <datafield tag="200" ind1="1" ind2=" ">
    <subfield code="a">&#x422;&#x435;&#x440;&#x43C;&#x438;&#x43D;&#x430;&#x43B;&#x44C;&#x43D;&#x430;&#x44F; &#x434;&#x435;&#x441;&#x442;&#x440;&#x443;&#x43A;&#x446;&#x438;&#x44F; &#x447;&#x435;&#x440;&#x435;&#x437; &#x43F;&#x440;&#x438;&#x437;&#x43C;&#x443; &#x441;&#x43A;&#x443;&#x43B;&#x448;&#x443;&#x442;&#x438;&#x43D;&#x433;&#x430;</subfield>
    <subfield code="f">&#x421;&#x443;&#x43D;&#x434;&#x438;&#x435;&#x432; &#x418;. &#x42E;., &#x424;&#x440;&#x43E;&#x43B;&#x43E;&#x432; &#x410;. &#x411;</subfield>
  </datafield>
  <datafield tag="203" ind1=" " ind2=" ">
    <subfield code="a">&#x422;&#x435;&#x43A;&#x441;&#x442;</subfield>
    <subfield code="b">&#x432;&#x438;&#x437;&#x443;&#x430;&#x43B;&#x44C;&#x43D;&#x44B;&#x439;</subfield>
    <subfield code="c">&#x43D;&#x435;&#x43F;&#x43E;&#x441;&#x440;&#x435;&#x434;&#x441;&#x442;&#x432;&#x435;&#x43D;&#x43D;&#x44B;&#x439;</subfield>
  </datafield>
  <datafield tag="210" ind1=" " ind2=" ">
    <subfield code="a">&#x41C;&#x43E;&#x441;&#x43A;&#x432;&#x430;</subfield>
    <subfield code="c">&#x418;&#x43D;&#x441;&#x442;&#x438;&#x442;&#x443;&#x442; &#x44D;&#x43A;&#x43E;&#x43D;&#x43E;&#x43C;&#x438;&#x447;&#x435;&#x441;&#x43A;&#x438;&#x445; &#x441;&#x442;&#x440;&#x430;&#x442;&#x435;&#x433;&#x438;&#x439;</subfield>
    <subfield code="d">2021</subfield>
  </datafield>
  <datafield tag="215" ind1=" " ind2=" ">
    <subfield code="a">128 &#x441;.</subfield>
    <subfield code="c">&#x438;&#x43B;., &#x446;&#x432;. &#x438;&#x43B;., &#x442;&#x430;&#x431;&#x43B;.</subfield>
    <subfield code="d">21</subfield>
  </datafield>
  <datafield tag="320" ind1=" " ind2=" ">
    <subfield code="a">&#x411;&#x438;&#x431;&#x43B;&#x438;&#x43E;&#x433;&#x440;.: &#x441;. 116-128 (128 &#x43D;&#x430;&#x437;&#x432;.)</subfield>
  </datafield>
  <datafield tag="330" ind1=" " ind2=" ">
    <subfield code="a">&#x41A;&#x43D;&#x438;&#x433;&#x430; &#x43F;&#x43E;&#x441;&#x432;&#x44F;&#x449;&#x435;&#x43D;&#x430; &#x430;&#x43D;&#x430;&#x43B;&#x438;&#x437;&#x443; &#x442;&#x435;&#x440;&#x43C;&#x438;&#x43D;&#x430;&#x43B;&#x44C;&#x43D;&#x43E;&#x439; &#x434;&#x435;&#x441;&#x442;&#x440;&#x443;&#x43A;&#x446;&#x438;&#x438; - &#x43D;&#x43E;&#x432;&#x43E;&#x439; &#x444;&#x43E;&#x440;&#x43C;&#x44B; &#x433;&#x43B;&#x43E;&#x431;&#x430;&#x43B;&#x44C;&#x43D;&#x43E;&#x439; &#x433;&#x438;&#x431;&#x440;&#x438;&#x434;&#x43D;&#x43E;&#x439; &#x432;&#x43E;&#x439;&#x43D;&#x44B;, &#x43F;&#x440;&#x438; &#x43A;&#x43E;&#x442;&#x43E;&#x440;&#x43E;&#x439; &#x438;&#x441;&#x43F;&#x43E;&#x43B;&#x44C;&#x437;&#x443;&#x435;&#x442;&#x441;&#x44F; &#x43D;&#x435; &#x441;&#x442;&#x43E;&#x43B;&#x44C;&#x43A;&#x43E; M B&#x43E;&#x440;&#x443;&#x436;&#x438;&#x435;, &#x43D;&#x430;&#x43F;&#x440;&#x430;&#x432;&#x43B;&#x435;&#x43D;&#x43D;&#x43E;&#x435; &#x43D;&#x430; &#x444;&#x438;&#x437;&#x438;&#x447;&#x435;&#x441;&#x43A;&#x43E;&#x435; &#x443;&#x43D;&#x438;&#x447;&#x442;&#x43E;&#x436;&#x435;&#x43D;&#x438;&#x435; &#x43B;&#x44E;&#x434;&#x435;&#x439; &#x438; &#x43C;&#x430;&#x442;&#x435;&#x440;&#x438;&#x430;&#x43B;&#x44C;&#x43D;&#x44B;&#x445; &#x446;&#x435;&#x43D;&#x43D;&#x43E;&#x441;&#x442;&#x435;&#x439;, &#x441;&#x43A;&#x43E;&#x43B;&#x44C;&#x43A;&#x43E; &#x438;&#x43D;&#x44B;&#x435; &#x432;&#x438;&#x434;&#x44B; &#x43E;&#x440;&#x443;&#x436;&#x438;&#x44F;: &#x43A;&#x43E;&#x433;&#x43D;&#x438;&#x442;&#x438;&#x432;&#x43D;&#x43E;&#x435;, &#x438;&#x43D;&#x444;&#x43E;&#x440;&#x43C;&#x430;&#x446;&#x438;&#x43E;&#x43D;&#x43D;&#x43E;&#x435;, &#x43E;&#x440;&#x433;&#x430;&#x43D;&#x438;&#x437;&#x430;&#x446;&#x438;&#x43E;&#x43D;&#x43D;&#x43E;&#x435;, &#x441;&#x43E;&#x446;&#x438;&#x430;&#x43B;&#x44C;&#x43D;&#x43E;&#x435;, - &#x43D;&#x430;&#x43F;&#x440;&#x430;&#x432;&#x43B;&#x435;&#x43D;&#x43D;&#x44B;&#x435; &#x43D;&#x430; &#x442;&#x440;&#x430;&#x43D;&#x441;&#x444;&#x43E;&#x440;&#x43C;&#x430;&#x446;&#x438;&#x44E; &#x441;&#x442;&#x440;&#x443;&#x43A;&#x442;&#x443;&#x440;&#x44B; &#x43B;&#x438;&#x447;&#x43D;&#x43E;&#x441;&#x442;&#x438; &#x447;&#x435;&#x43B;&#x43E;&#x432;&#x435;&#x43A;&#x430;. &#x422;&#x435;&#x440;&#x43C;&#x438;&#x43D;&#x430;&#x43B;&#x44C;&#x43D;&#x430;&#x44F; &#x434;&#x435;&#x441;&#x442;&#x440;&#x443;&#x43A;&#x446;&#x438;&#x44F; &#x43E;&#x441;&#x443;&#x449;&#x435;&#x441;&#x442;&#x432;&#x43B;&#x44F;&#x435;&#x442;&#x441;&#x44F; &#x441; &#x43F;&#x43E;&#x43C;&#x43E;&#x449;&#x44C;&#x44E; &#x433;&#x43B;&#x43E;&#x431;&#x430;&#x43B;&#x44C;&#x43D;&#x44B;&#x445; &#x446;&#x438;&#x444;&#x440;&#x43E;&#x441;&#x435;&#x442;&#x435;&#x432;&#x44B;&#x445; &#x441;&#x442;&#x440;&#x443;&#x43A;&#x442;&#x443;&#x440;, &#x444;&#x43E;&#x440;&#x43C;&#x438;&#x440;&#x443;&#x44E;&#x449;&#x438;&#x445; &#x442;&#x435;&#x43C;&#x430;&#x442;&#x438;&#x447;&#x435;&#x441;&#x43A;&#x438;&#x435; &#x433;&#x440;&#x443;&#x43F;&#x43F;&#x44B; &#x434;&#x435;&#x441;&#x442;&#x440;&#x443;&#x43A;&#x442;&#x438;&#x432;&#x43D;&#x43E;&#x439; &#x43D;&#x430;&#x43F;&#x440;&#x430;&#x432;&#x43B;&#x435;&#x43D;&#x43D;&#x43E;&#x441;&#x442;&#x438;. &#x42F;&#x432;&#x43B;&#x435;&#x43D;&#x438;&#x435; &#x442;&#x435;&#x440;&#x43C;&#x438;&#x43D;&#x430;&#x43B;&#x44C;&#x43D;&#x43E;&#x439; &#x434;&#x435;&#x441;&#x442;&#x440;&#x443;&#x43A;&#x446;&#x438;&#x438; &#x430;&#x43D;&#x430;&#x43B;&#x438;&#x437;&#x438;&#x440;&#x443;&#x435;&#x442;&#x441;&#x44F; &#x43D;&#x430; &#x43F;&#x440;&#x438;&#x43C;&#x435;&#x440;&#x435; &#x43E;&#x434;&#x43D;&#x43E;&#x439; &#x438;&#x437; &#x435;&#x435; &#x444;&#x43E;&#x440;&#x43C; - &#x441;&#x43A;&#x443;&#x43B;&#x448;&#x443;&#x442;&#x438;&#x43D;&#x433;&#x430; (&#x440;&#x430;&#x441;&#x441;&#x442;&#x440;&#x435;&#x43B;&#x43E;&#x432; &#x432; &#x448;&#x43A;&#x43E;&#x43B;&#x430;&#x445; &#x438; &#x43A;&#x43E;&#x43B;&#x43B;&#x435;&#x434;&#x436;&#x430;&#x445;), &#x442;. &#x435;. &#x43C;&#x43E;&#x434;&#x435;&#x440;&#x430;&#x446;&#x438;&#x438; &#x447;&#x435;&#x440;&#x435;&#x437; &#x446;&#x438;&#x444;&#x440;&#x43E;&#x441;&#x435;&#x442;&#x435;&#x432;&#x44B;&#x435; &#x440;&#x435;&#x441;&#x443;&#x440;&#x441;&#x44B; &#x440;&#x435;&#x433;&#x443;&#x43B;&#x44F;&#x440;&#x43D;&#x44B;&#x445; &#x438; &#x433;&#x435;&#x43E;&#x433;&#x440;&#x430;&#x444;&#x438;&#x447;&#x435;&#x441;&#x43A;&#x438; &#x440;&#x430;&#x437;&#x43D;&#x435;&#x441;&#x435;&#x43D;&#x43D;&#x44B;&#x445; &#x442;&#x435;&#x440;&#x440;&#x43E;&#x440;&#x438;&#x441;&#x442;&#x438;&#x447;&#x435;&#x441;&#x43A;&#x438;&#x445; &#x430;&#x43A;&#x446;&#x438;&#x439;, &#x448;&#x438;&#x440;&#x43E;&#x43A;&#x43E; &#x43E;&#x441;&#x432;&#x435;&#x449;&#x430;&#x435;&#x43C;&#x44B;&#x445; &#x432; &#x442;&#x440;&#x430;&#x434;&#x438;&#x446;&#x438;&#x43E;&#x43D;&#x43D;&#x44B;&#x445; &#x438; &#x43D;&#x43E;&#x432;&#x44B;&#x445; &#x43C;&#x435;&#x434;&#x438;&#x430;</subfield>
  </datafield>
  <datafield tag="606" ind1="1" ind2=" ">
    <subfield code="a">&#x41C;&#x43E;&#x43B;&#x43E;&#x434;&#x435;&#x436;&#x44C;</subfield>
    <subfield code="x">&#x41E;&#x442;&#x43A;&#x43B;&#x43E;&#x43D;&#x44F;&#x44E;&#x449;&#x435;&#x435;&#x441;&#x44F; &#x43F;&#x43E;&#x432;&#x435;&#x434;&#x435;&#x43D;&#x438;&#x435;</subfield>
    <subfield code="x">&#x421;&#x43E;&#x446;&#x438;&#x430;&#x43B;&#x44C;&#x43D;&#x43E;-&#x43F;&#x441;&#x438;&#x445;&#x43E;&#x43B;&#x43E;&#x433;&#x438;&#x447;&#x435;&#x441;&#x43A;&#x438;&#x435; &#x438;&#x441;&#x441;&#x43B;&#x435;&#x434;&#x43E;&#x432;&#x430;&#x43D;&#x438;&#x44F;</subfield>
    <subfield code="2">nlr_sh2</subfield>
    <subfield code="3">RU\NLR\AUTH\661468392</subfield>
  </datafield>
  <datafield tag="606" ind1="1" ind2=" ">
    <subfield code="a">INTERNET, &#x433;&#x43B;&#x43E;&#x431;&#x430;&#x43B;&#x44C;&#x43D;&#x430;&#x44F; &#x438;&#x43D;&#x444;&#x43E;&#x440;&#x43C;&#x430;&#x446;&#x438;&#x43E;&#x43D;&#x43D;&#x430;&#x44F; &#x441;&#x435;&#x442;&#x44C;</subfield>
    <subfield code="x">&#x41F;&#x441;&#x438;&#x445;&#x43E;&#x43B;&#x43E;&#x433;&#x438;&#x447;&#x435;&#x441;&#x43A;&#x43E;&#x435; &#x432;&#x43E;&#x437;&#x434;&#x435;&#x439;&#x441;&#x442;&#x432;&#x438;&#x435; &#x43D;&#x430; &#x43C;&#x43E;&#x43B;&#x43E;&#x434;&#x435;&#x436;&#x44C;</subfield>
    <subfield code="2">nlr_sh2</subfield>
    <subfield code="3">RU\NLR\AUTH\6601617781</subfield>
  </datafield>
  <datafield tag="606" ind1="1" ind2=" ">
    <subfield code="a">&#x41C;&#x43E;&#x43B;&#x43E;&#x434;&#x435;&#x436;&#x43D;&#x44B;&#x439; &#x44D;&#x43A;&#x441;&#x442;&#x440;&#x435;&#x43C;&#x438;&#x437;&#x43C;</subfield>
    <subfield code="x">&#x41A;&#x440;&#x438;&#x43C;&#x438;&#x43D;&#x43E;&#x43B;&#x43E;&#x433;&#x438;&#x447;&#x435;&#x441;&#x43A;&#x438;&#x435; &#x438;&#x441;&#x441;&#x43B;&#x435;&#x434;&#x43E;&#x432;&#x430;&#x43D;&#x438;&#x44F;</subfield>
    <subfield code="y">&#x420;&#x43E;&#x441;&#x441;&#x438;&#x439;&#x441;&#x43A;&#x430;&#x44F; &#x424;&#x435;&#x434;&#x435;&#x440;&#x430;&#x446;&#x438;&#x44F;</subfield>
    <subfield code="2">nlr_sh2</subfield>
    <subfield code="3">RU\NLR\AUTH\6601583220</subfield>
  </datafield>
  <datafield tag="686" ind1="1" ind2=" ">
    <subfield code="a">&#x421;550.325.1</subfield>
  </datafield>
  <datafield tag="686" ind1="1" ind2=" ">
    <subfield code="a">&#x42E;937.42</subfield>
  </datafield>
  <datafield tag="686" ind1="1" ind2=" ">
    <subfield code="a">&#x421;550.57</subfield>
  </datafield>
  <datafield tag="686" ind1="1" ind2=" ">
    <subfield code="a">&#x425;628.322.112.11</subfield>
  </datafield>
  <datafield tag="700" ind1=" " ind2="1">
    <subfield code="a">&#x421;&#x443;&#x43D;&#x434;&#x438;&#x435;&#x432;</subfield>
    <subfield code="b">&#x418;. &#x42E;.</subfield>
    <subfield code="g">&#x418;&#x433;&#x43E;&#x440;&#x44C; &#x42E;&#x440;&#x44C;&#x435;&#x432;&#x438;&#x447;</subfield>
    <subfield code="3">RU\NLR\AUTH\770142998</subfield>
  </datafield>
  <datafield tag="701" ind1=" " ind2="1">
    <subfield code="a">&#x424;&#x440;&#x43E;&#x43B;&#x43E;&#x432;</subfield>
    <subfield code="b">&#x410;. &#x411;.</subfield>
    <subfield code="f">&#x441;&#x43E;&#x446;&#x438;&#x43E;&#x43B;&#x43E;&#x433;</subfield>
    <subfield code="g">&#x410;&#x43D;&#x434;&#x440;&#x435;&#x439; &#x411;&#x43E;&#x440;&#x438;&#x441;&#x43E;&#x432;&#x438;&#x447;</subfield>
    <subfield code="3">RU\NLR\AUTH\770142996</subfield>
  </datafield>
  <datafield tag="942" ind1=" " ind2=" ">
    <subfield code="c">BOOK</subfield>
  </datafield>
  <datafield tag="980" ind1=" " ind2=" ">
    <subfield code="a">NB</subfield>
  </datafield>
  <datafield tag="995" ind1=" " ind2=" ">
    <subfield code="5">2022-06-08</subfield>
    <subfield code="a">ad</subfield>
    <subfield code="b">NLR01</subfield>
    <subfield code="c">NLR01</subfield>
    <subfield code="e">RF81</subfield>
    <subfield code="f">1-3862396</subfield>
    <subfield code="k">2022-3/15415</subfield>
    <subfield code="o">0</subfield>
    <subfield code="r">BOOK</subfield>
    <subfield code="s">2022315415_</subfield>
  </datafield>
  <datafield tag="995" ind1=" " ind2=" ">
    <subfield code="5">2022-06-08</subfield>
    <subfield code="a">ad</subfield>
    <subfield code="b">NLR01</subfield>
    <subfield code="c">NLR01</subfield>
    <subfield code="e">RF81</subfield>
    <subfield code="f">1-3862397</subfield>
    <subfield code="k">2022-3/15415</subfield>
    <subfield code="o">0</subfield>
    <subfield code="r">BOOK</subfield>
    <subfield code="s">2022315415_</subfield>
  </datafield>
  <datafield tag="995" ind1=" " ind2=" ">
    <subfield code="5">2022-06-23</subfield>
    <subfield code="b">NLR01</subfield>
    <subfield code="c">NLR01</subfield>
    <subfield code="e">ZGL</subfield>
    <subfield code="f">ERR-247449</subfield>
    <subfield code="o">0</subfield>
    <subfield code="p">0.00</subfield>
    <subfield code="r">BOOK</subfield>
  </datafield>
  <datafield tag="995" ind1=" " ind2=" ">
    <subfield code="5">2022-06-23</subfield>
    <subfield code="b">NLR02</subfield>
    <subfield code="c">NLR02</subfield>
    <subfield code="e">UCHZ</subfield>
    <subfield code="f">ERR-247517</subfield>
    <subfield code="o">0</subfield>
    <subfield code="p">0.00</subfield>
    <subfield code="r">BOOK</subfield>
  </datafield>
</record>
